| 000 | 00743nam a2200205 a 4500 | ||
|---|---|---|---|
| 001 | 000042271 | ||
| 005 | 20201002040038.0 | ||
| 008 | 131121s1975 sp 000 0 spa d | ||
| 020 | _a8470392239 | ||
| 040 |
_aDO-SdBNP _bspa _cBNPHU |
||
| 082 |
_axxx _bF363M |
||
| 100 | 1 |
_aMainer, José-Carlos _913715 |
|
| 245 | 1 | 0 |
_aAnálisis de una insatisfacción : _blas novelas de W. Fernández Flórez / _cJosé-Carlos Mainer. |
| 260 |
_aMadrid : _bCastalia, _c1975. |
||
| 300 |
_a374 p. ; _c19 cm. |
||
| 490 | 1 |
_aLiteratura y sociedad _v10 |
|
| 500 | _aIncluye datos biográficos del autor en la solapa de la contracubierta | ||
| 500 | _aIncluye referncias bibliográficas y notas al pie de las páginas | ||
| 830 | 0 |
_aLiteratura y sociedad _n10 _969307 |
|
| 999 |
_c41760 _d41760 |
||